Statistics for SNL Guest Hosts - Season 42

Click here to take the quiz!

General Stats

  • This quiz has been taken 49 times
  • The average score is 12 of 21

Answer Stats

Premiere DateFamous ForMusical GuestGuest Host% Correct
February 11, 2017The Boss Baby, 30 Rock, It's ComplicatedEd SheeranAlec Baldwin
84%
December 3, 2016La La Land, Easy A, The Amazing Spider-ManShawn MendesEmma Stone
84%
April 15, 2017The Tonight Show, former SNL cast memberHarry StylesJimmy Fallon
84%
October 22, 2016Sully, Big, Toy Story 3Lady GagaTom Hanks
84%
May 20, 2017Moana, Central Intelligence, Race to Witch MountainKaty PerryDwayne Johnson
77%
October 8, 2016The Electric Company, Hamilton: An American MusicalTwenty One PilotsLin-Manuel Miranda
74%
October 1, 2016Suicide Squad, The Legend of Tarzan, The Wolf of Wall StreetThe WeekndMargot Robbie
71%
November 5, 2016Doctor Strange, The Hobbit: The Desolation of Smaug, The Imitation GameSolangeBenedict Cumberbatch
68%
February 4, 2017Twilight, Panic Room, Clouds of Sils MariaAlessia CaraKristen Stewart
58%
January 21, 2017Parks and Recreation, Epic, Master of NoneBig SeanAziz Ansari
55%
April 8, 2017The Secret Life of Pets, LouisThe ChainsmokersLouis C.K.
55%
May 13, 2017Ghostbusters, Bridesmaids, The HeatHAIMMelissa McCarthy
55%
November 19, 2016Masterminds, Despicable Me 3, GhostbustersThe xxKristen Wiig
52%
March 4, 2017The Shack, The Help, Hidden FiguresFather John MistyOctavia Spencer
52%
March 11, 2017Avengers: Age of Ultron, Don Jon, SingLordeScarlett Johansson
52%
October 15, 2016The Girl on the Train, Sicario, Edge of TomorrowBruno MarsEmily Blunt
48%
December 17, 2016Manchester by the Sea, The Assassination of Jesse James by the Coward Robert FordChance the RapperCasey Affleck
45%
May 6, 2017Wonder Woman, Into the Woods, Hell or High WaterLCD SoundsystemChris Pine
35%
December 10, 2016Trainwreck, Sisters, WrestlemaniaMaren MorrisJohn Cena
35%
January 14, 2017Rogue One: A Star Wars Story, The Theory of Everything, InfernoSturgill SimpsonFelicity Jones
26%
November 12, 2016Robin Hood: Men in Tights, The Nutty Professor, Half BakedA Tribe Called QuestDave Chappelle
13%

Score Distribution

Percentile by Number Answered

Percent of People with Each Score

Your Score History

You have not taken this quiz